[Event "DEM U10 2023"]
[Site "Willingen GER"]
[Date "2023.05.28"]
[Round "1"]
[White "Meitzner, Jonathan Franz"]
[Black "Gruner, Cornelius"]
[Result "1-0"]
[Termination "normal"]
[Board "18"]
[WhiteElo "1314"]
[BlackElo "1279"]
[WhiteClock "01:06:44"]
[BlackClock "01:00:48"]
[PlyCount "75"]
[WhiteFideId "34616110"]
[BlackFideId "34616306"]
[EventCountry "GER"]
[EventRounds "11"]
[EventType "swiss"]
[EventDate "2023.05.27"]

1. e4 {[%clk 01:15:59]} {[%emt 00:00:01]} e5 {[%clk 01:15:57]} {[%emt
00:00:03]} 2. Nf3 {[%clk 01:16:21]} {[%emt 00:00:07]} Nc6 {[%clk 01:16:21]}
{[%emt 00:00:06]} 3. Bc4 {[%clk 01:16:47]} {[%emt 00:00:04]} Bc5 {[%clk
01:16:31]} {[%emt 00:00:20]} 4. c3 {[%clk 01:17:10]} {[%emt 00:00:07]} d6
{[%clk 01:14:42]} {[%emt 00:02:19]} 5. d4 {[%clk 01:16:22]} {[%emt 00:01:18]}
exd4 {[%clk 01:14:09]} {[%emt 00:01:02]} 6. cxd4 {[%clk 01:16:38]} {[%emt
00:00:14]} Bb4+ {[%clk 01:14:07]} {[%emt 00:00:33]} 7. Bd2 {[%clk 01:16:55]}
{[%emt 00:00:13]} Qe7 {[%clk 01:13:45]} {[%emt 00:00:51]} 8. O-O {[%clk
01:16:48]} {[%emt 00:00:36]} Bxd2 {[%clk 01:12:59]} {[%emt 00:01:16]} 9. Nbxd2
{[%clk 01:17:07]} {[%emt 00:00:11]} h5 {[%clk 01:12:14]} {[%emt 00:01:15]} 10.
Qb3 {[%clk 01:14:55]} {[%emt 00:02:42]} h4 {[%clk 01:09:33]} {[%emt 00:03:10]}
11. h3 {[%clk 01:14:28]} {[%emt 00:00:57]} Bd7 {[%clk 01:07:39]} {[%emt
00:02:25]} 12. Qxb7 {[%clk 01:08:59]} {[%emt 00:05:59]} Rc8 {[%clk 01:05:33]}
{[%emt 00:02:36]} 13. Bb5 {[%clk 01:07:27]} {[%emt 00:02:01]} Rb8 {[%clk
01:05:25]} {[%emt 00:00:38]} 14. Qa6 {[%clk 01:07:46]} {[%emt 00:00:12]} Nb4
{[%clk 01:01:06]} {[%emt 00:04:50]} 15. Bxd7+ {[%clk 01:07:32]} {[%emt
00:00:43]} Qxd7 {[%clk 01:00:54]} {[%emt 00:00:42]} 16. Qxa7 {[%clk 01:07:13]}
{[%emt 00:00:49]} Nc6 {[%clk 01:00:50]} {[%emt 00:00:33]} 17. Qa3 {[%clk
01:06:51]} {[%emt 00:00:52]} f6 {[%clk 01:00:20]} {[%emt 00:01:00]} 18. Rfe1
{[%clk 01:06:56]} {[%emt 00:00:25]} g5 {[%clk 00:59:40]} {[%emt 00:01:11]} 19.
e5 {[%clk 01:06:15]} {[%emt 00:01:11]} Kf7 {[%clk 00:58:44]} {[%emt 00:01:26]}
20. e6+ {[%clk 01:06:35]} {[%emt 00:00:10]} Qxe6 {[%clk 00:58:29]} {[%emt
00:00:44]} 21. Rxe6 {[%clk 01:06:45]} {[%emt 00:00:21]} Kxe6 {[%clk 00:58:45]}
{[%emt 00:00:14]} 22. d5+ {[%clk 01:05:55]} {[%emt 00:01:20]} Kxd5 {[%clk
00:58:46]} {[%emt 00:00:29]} 23. Qd3+ {[%clk 01:06:17]} {[%emt 00:00:07]} Ke6
{[%clk 00:58:57]} {[%emt 00:00:20]} 24. Qc4+ {[%clk 01:06:42]} {[%emt
00:00:05]} Kd7 {[%clk 00:59:09]} {[%emt 00:00:18]} 25. Rc1 {[%clk 01:06:41]}
{[%emt 00:00:32]} Rb6 {[%clk 00:59:20]} {[%emt 00:00:19]} 26. Qf7+ {[%clk
01:05:33]} {[%emt 00:01:38]} Nge7 {[%clk 00:59:32]} {[%emt 00:00:17]} 27. Ne4
{[%clk 01:05:46]} {[%emt 00:00:17]} Rxb2 {[%clk 00:59:24]} {[%emt 00:00:39]}
28. Nxf6+ {[%clk 01:06:07]} {[%emt 00:00:08]} Kc8 {[%clk 00:59:38]} {[%emt
00:00:16]} 29. Qe6+ {[%clk 01:06:04]} {[%emt 00:00:34]} Kb7 {[%clk 00:59:54]}
{[%emt 00:00:14]} 30. Nd5 {[%clk 01:04:58]} {[%emt 00:01:34]} Nxd5 {[%clk
00:59:38]} {[%emt 00:00:46]} 31. Qxd5 {[%clk 01:05:21]} {[%emt 00:00:08]} Rb6
{[%clk 01:00:03]} {[%emt 00:00:05]} 32. Nd4 {[%clk 01:05:45]} {[%emt 00:00:06]}
Re8 {[%clk 01:00:03]} {[%emt 00:00:30]} 33. Nxc6 {[%emt 00:01:00]} Rxc6 {[%clk
00:59:48]} 34. Qxc6+ {[%clk 01:05:57]} {[%emt 00:00:34]} Ka7 {[%clk 01:00:05]}
{[%emt 00:00:13]} 35. Qxc7+ {[%clk 01:06:07]} {[%emt 00:00:18]} Ka8 {[%clk
01:00:18]} {[%emt 00:00:18]} 36. Rb1 {[%clk 01:06:21]} {[%emt 00:00:16]} Re1+
{[%clk 01:00:29]} {[%emt 00:00:20]} 37. Rxe1 {[%clk 01:06:44]} {[%emt
00:00:06]} g4 {[%clk 01:00:48]} {[%emt 00:00:11]} 38. Re8# {[%emt 00:00:34]}
1-0

[Event "DEM U10 2023"]
[Site "Willingen GER"]
[Date "2023.05.28"]
[Round "1"]
[White "Schmidt, Jossip"]
[Black "Teng, David"]
[Result "1/2-1/2"]
[Termination "normal"]
[Board "19"]
[WhiteElo "1276"]
[BlackElo "1554"]
[WhiteClock "00:13:16"]
[BlackClock "00:05:26"]
[PlyCount "101"]
[WhiteFideId "34621148"]
[BlackFideId "34604570"]
[EventCountry "GER"]
[EventRounds "11"]
[EventType "swiss"]
[EventDate "2023.05.27"]

1. d4 {[%clk 01:15:58]} d5 {[%clk 01:15:49]} {[%emt 00:00:13]} 2. Nf3 {[%clk
01:16:03]} {[%emt 00:00:23]} Nf6 {[%clk 01:15:54]} {[%emt 00:00:26]} 3. e3
{[%clk 01:16:09]} {[%emt 00:00:24]} e6 {[%clk 01:15:48]} {[%emt 00:00:37]} 4.
b3 {[%clk 01:16:06]} {[%emt 00:00:33]} Be7 {[%clk 01:15:40]} {[%emt 00:00:38]}
5. Bb2 {[%clk 01:15:19]} {[%emt 00:01:16]} b6 {[%clk 01:15:21]} {[%emt
00:00:50]} 6. Bd3 {[%clk 01:13:00]} {[%emt 00:02:47]} Bb7 {[%clk 01:14:37]}
{[%emt 00:01:15]} 7. O-O {[%clk 01:10:36]} {[%emt 00:02:52]} O-O {[%clk
01:14:26]} {[%emt 00:00:43]} 8. Nbd2 {[%clk 01:08:48]} {[%emt 00:02:16]} Nbd7
{[%clk 01:13:59]} {[%emt 00:00:58]} 9. Ne5 {[%clk 01:07:49]} {[%emt 00:01:29]}
Nxe5 {[%clk 01:11:59]} {[%emt 00:02:30]} 10. dxe5 {[%clk 01:07:40]} {[%emt
00:00:38]} Nd7 {[%clk 01:11:14]} {[%emt 00:01:16]} 11. c4 {[%clk 01:04:45]}
{[%emt 00:03:24]} Nc5 {[%clk 01:10:39]} {[%emt 00:01:05]} 12. Be2 {[%clk
01:04:07]} {[%emt 00:01:07]} Qd7 {[%clk 01:05:07]} {[%emt 00:06:03]} 13. Qc2
{[%clk 00:59:39]} {[%emt 00:04:58]} Rad8 {[%clk 01:03:23]} {[%emt 00:02:14]}
14. Rfd1 {[%clk 00:58:20]} {[%emt 00:01:49]} Qc8 {[%clk 01:01:36]} {[%emt
00:02:18]} 15. Rac1 {[%clk 00:56:50]} {[%emt 00:01:59]} dxc4 {[%clk 00:59:18]}
{[%emt 00:02:48]} 16. Nxc4 {[%clk 00:55:42]} {[%emt 00:01:37]} Be4 {[%clk
00:57:25]} {[%emt 00:02:24]} 17. Qc3 {[%clk 00:55:08]} {[%emt 00:01:03]} Bf5
{[%emt 00:10:56]} 18. Nd2 {[%clk 00:51:49]} Rd7 {[%clk 00:45:45]} {[%emt
00:05:32]} 19. Nf3 {[%clk 00:45:24]} {[%emt 00:06:55]} Rfd8 {[%clk 00:39:51]}
{[%emt 00:06:25]} 20. Qe1 {[%clk 00:43:48]} {[%emt 00:02:06]} Bd3 {[%clk
00:35:29]} {[%emt 00:04:53]} 21. Qf1 {[%clk 00:42:26]} {[%emt 00:01:53]} Bxe2
{[%clk 00:35:07]} {[%emt 00:00:51]} 22. Qxe2 {[%clk 00:42:16]} {[%emt
00:00:39]} Nd3 {[%clk 00:35:12]} {[%emt 00:00:25]} 23. Rb1 {[%clk 00:41:57]}
{[%emt 00:00:49]} Nxb2 {[%clk 00:34:24]} {[%emt 00:01:19]} 24. Rxd7 {[%clk
00:39:52]} {[%emt 00:02:35]} Qxd7 {[%clk 00:34:08]} {[%emt 00:00:46]} 25. Qxb2
{[%clk 00:38:03]} {[%emt 00:02:19]} Qd1+ {[%clk 00:31:20]} {[%emt 00:03:17]}
26. Ne1 {[%clk 00:38:08]} {[%emt 00:00:26]} Qd5 {[%clk 00:30:54]} {[%emt
00:00:55]} 27. h3 {[%clk 00:37:25]} {[%emt 00:01:15]} Qa5 {[%clk 00:28:03]}
{[%emt 00:03:19]} 28. Nf3 {[%clk 00:36:32]} {[%emt 00:01:23]} Bb4 {[%clk
00:25:30]} {[%emt 00:03:04]} 29. Qc2 {[%clk 00:34:32]} {[%emt 00:02:31]} Qc5
{[%clk 00:21:18]} {[%emt 00:04:40]} 30. Qxc5 {[%clk 00:33:02]} {[%emt
00:02:02]} Bxc5 {[%clk 00:21:39]} {[%emt 00:00:09]} 31. Kf1 {[%clk 00:32:48]}
{[%emt 00:00:42]} Kf8 {[%clk 00:21:44]} {[%emt 00:00:26]} 32. Ke2 {[%clk
00:32:31]} {[%emt 00:00:47]} Ke7 {[%clk 00:21:12]} {[%emt 00:01:02]} 33. b4
{[%clk 00:32:28]} {[%emt 00:00:33]} Bxb4 {[%clk 00:18:12]} {[%emt 00:03:30]}
34. Rxb4 {[%clk 00:32:41]} {[%emt 00:00:17]} c5 {[%clk 00:18:37]} {[%emt
00:00:04]} 35. Rc4 {[%clk 00:32:07]} {[%emt 00:01:04]} Rc8 {[%clk 00:18:34]}
{[%emt 00:00:33]} 36. Nd4 {[%clk 00:31:23]} {[%emt 00:01:14]} a6 {[%clk
00:18:19]} {[%emt 00:00:45]} 37. Nb3 {[%clk 00:30:09]} {[%emt 00:01:44]} Kd7
{[%clk 00:18:20]} {[%emt 00:00:29]} 38. a4 {[%clk 00:29:38]} {[%emt 00:01:01]}
Kc6 {[%clk 00:18:23]} {[%emt 00:00:28]} 39. e4 {[%clk 00:28:17]} {[%emt
00:01:50]} Rd8 {[%clk 00:15:27]} {[%emt 00:03:27]} 40. Rc3 {[%clk 00:27:14]}
{[%emt 00:01:33]} Rd7 {[%clk 00:15:17]} {[%emt 00:00:40]} 41. f4 {[%clk
00:25:39]} {[%emt 00:02:04]} g6 {[%clk 00:14:59]} {[%emt 00:00:48]} 42. g4
{[%clk 00:24:23]} {[%emt 00:01:44]} Rd8 {[%clk 00:14:52]} {[%emt 00:00:39]} 43.
Rd3 {[%clk 00:22:42]} {[%emt 00:02:12]} Rb8 {[%clk 00:12:36]} {[%emt 00:02:45]}
44. Nd2 {[%clk 00:17:35]} {[%emt 00:05:36]} Kc7 {[%clk 00:11:55]} {[%emt
00:01:12]} 45. Rd6 {[%clk 00:16:19]} {[%emt 00:01:45]} Ra8 {[%clk 00:11:27]}
{[%emt 00:00:59]} 46. Nb3 {[%clk 00:12:15]} {[%emt 00:04:34]} b5 {[%clk
00:06:48]} {[%emt 00:05:09]} 47. Nxc5 {[%clk 00:02:12]} {[%emt 00:10:33]} bxa4
{[%clk 00:05:55]} {[%emt 00:01:23]} 48. Rxa6 {[%clk 00:01:58]} {[%emt
00:00:44]} Rxa6 {[%clk 00:04:46]} {[%emt 00:01:40]} 49. Nxa6+ {[%clk 00:02:20]}
{[%emt 00:00:07]} Kb6 {[%clk 00:05:12]} {[%emt 00:00:04]} 50. Nb4 {[%clk
00:02:13]} {[%emt 00:00:38]} Kb5 {[%clk 00:05:26]} {[%emt 00:00:16]} 51. Nc2
{[%clk 00:13:16]} {[%emt 00:04:26]} 1/2-1/2

[Event "DEM U10 2023"]
[Site "Willingen GER"]
[Date "2023.05.28"]
[Round "1"]
[White "Aguike, Toshiya"]
[Black "Ishcenko, Volodymyr"]
[Result "1-0"]
[Termination "normal"]
[Board "20"]
[WhiteElo "1490"]
[BlackElo "1220"]
[WhiteClock "01:09:40"]
[BlackClock "00:52:35"]
[PlyCount "65"]
[WhiteFideId "34611347"]
[BlackFideId "34660208"]
[EventCountry "GER"]
[EventRounds "11"]
[EventType "swiss"]
[EventDate "2023.05.27"]

1. e4 {[%clk 01:15:58]} {[%emt 00:00:02]} e5 {[%clk 01:15:58]} {[%emt
00:00:02]} 2. Nf3 {[%clk 01:16:22]} {[%emt 00:00:06]} Nc6 {[%clk 01:16:18]}
{[%emt 00:00:10]} 3. Bc4 {[%clk 01:16:39]} {[%emt 00:00:12]} Bc5 {[%clk
01:16:41]} {[%emt 00:00:06]} 4. Nc3 {[%clk 01:16:48]} {[%emt 00:00:22]} Nf6
{[%clk 01:16:48]} {[%emt 00:00:24]} 5. d3 {[%clk 01:17:12]} {[%emt 00:00:06]}
d6 {[%clk 01:16:30]} {[%emt 00:00:48]} 6. O-O {[%clk 01:15:15]} {[%emt
00:02:27]} Bg4 {[%clk 01:16:49]} {[%emt 00:00:10]} 7. h3 {[%clk 01:14:17]}
{[%emt 00:01:28]} Bxf3 {[%clk 01:13:24]} {[%emt 00:03:55]} 8. Qxf3 {[%clk
01:14:38]} {[%emt 00:00:09]} Nd4 {[%clk 01:13:36]} {[%emt 00:00:19]} 9. Qd1
{[%clk 01:14:59]} {[%emt 00:00:08]} h6 {[%clk 01:13:27]} {[%emt 00:00:39]} 10.
Be3 {[%clk 01:14:53]} {[%emt 00:00:36]} c6 {[%clk 01:12:56]} {[%emt 00:01:01]}
11. Re1 {[%clk 01:14:38]} {[%emt 00:00:45]} b5 {[%clk 01:12:03]} {[%emt
00:01:22]} 12. Bb3 {[%clk 01:14:33]} {[%emt 00:00:36]} a5 {[%clk 01:11:09]}
{[%emt 00:01:24]} 13. a4 {[%clk 01:13:58]} {[%emt 00:01:04]} b4 {[%clk
01:09:22]} {[%emt 00:02:17]} 14. Ne2 {[%clk 01:13:26]} {[%emt 00:01:02]} Nxb3
{[%clk 01:09:43]} {[%emt 00:00:09]} 15. cxb3 {[%clk 01:13:50]} {[%emt
00:00:06]} Bxe3 {[%clk 01:09:49]} {[%emt 00:00:24]} 16. fxe3 {[%clk 01:14:00]}
{[%emt 00:00:19]} d5 {[%clk 01:09:54]} {[%emt 00:00:26]} 17. Qc2 {[%clk
01:12:57]} {[%emt 00:01:32]} Qc8 {[%clk 01:08:19]} {[%emt 00:01:58]} 18. Rac1
{[%clk 01:13:00]} {[%emt 00:00:35]} dxe4 {[%clk 01:07:10]} {[%emt 00:01:40]}
19. dxe4 {[%clk 01:13:22]} {[%emt 00:00:08]} Ra6 {[%clk 01:07:09]} {[%emt
00:00:30]} 20. Ng3 {[%clk 01:13:00]} {[%emt 00:00:51]} O-O {[%clk 01:07:03]}
{[%emt 00:00:37]} 21. Qc4 {[%clk 01:12:47]} {[%emt 00:00:44]} Rd8 {[%clk
01:05:53]} {[%emt 00:01:37]} 22. Nf5 {[%clk 01:11:27]} {[%emt 00:01:51]} Qb7
{[%clk 01:03:34]} {[%emt 00:02:46]} 23. Red1 {[%clk 01:11:22]} {[%emt
00:00:40]} Rxd1+ {[%clk 01:03:38]} {[%emt 00:00:26]} 24. Rxd1 {[%clk 01:11:43]}
{[%emt 00:00:09]} Ra8 {[%clk 00:58:59]} {[%emt 00:05:04]} 25. Qc5 {[%clk
01:10:18]} {[%emt 00:01:59]} Nxe4 {[%clk 00:57:50]} {[%emt 00:01:38]} 26. Qxe5
{[%clk 01:10:39]} {[%emt 00:00:11]} Nf6 {[%clk 00:57:42]} {[%emt 00:00:37]} 27.
Nxh6+ {[%clk 01:07:33]} {[%emt 00:03:35]} gxh6 {[%clk 00:53:37]} {[%emt
00:04:36]} 28. Qxf6 {[%clk 01:07:53]} {[%emt 00:00:09]} Kh7 {[%clk 00:53:42]}
{[%emt 00:00:17]} 29. Qf5+ {[%clk 01:08:15]} {[%emt 00:00:17]} Kh8 {[%clk
00:53:21]} {[%emt 00:00:49]} 30. Rd7 {[%clk 01:08:33]} {[%emt 00:00:14]} Qb6
{[%clk 00:52:13]} {[%emt 00:01:37]} 31. Qf6+ {[%clk 01:08:56]} {[%emt
00:00:08]} Kh7 {[%clk 00:52:16]} {[%emt 00:00:27]} 32. Rxf7+ {[%clk 01:09:14]}
{[%emt 00:00:12]} Kg8 {[%clk 00:52:35]} {[%emt 00:00:10]} 33. Qg7# {[%clk
01:09:40]} {[%emt 00:00:05]} 1-0

[Event "DEM U10 2023"]
[Site "Willingen GER"]
[Date "2023.05.28"]
[Round "1"]
[White "Prashanthakumar, Arnesh"]
[Black "Zargaran, Sepas"]
[Result "0-1"]
[Termination "normal"]
[Board "21"]
[WhiteElo "1395"]
[BlackElo "1540"]
[WhiteClock "00:39:43"]
[BlackClock "00:55:28"]
[PlyCount "88"]
[WhiteFideId "34604073"]
[BlackFideId "34625275"]
[EventCountry "GER"]
[EventRounds "11"]
[EventType "swiss"]
[EventDate "2023.05.27"]

1. e4 {[%clk 01:15:56]} {[%emt 00:00:03]} c5 {[%clk 01:15:48]} {[%emt
00:00:12]} 2. Nf3 {[%clk 01:16:01]} {[%emt 00:00:25]} Nc6 {[%clk 01:16:12]}
{[%emt 00:00:06]} 3. d4 {[%clk 01:16:00]} {[%emt 00:00:31]} cxd4 {[%clk
01:16:30]} {[%emt 00:00:12]} 4. Nxd4 {[%clk 01:15:54]} {[%emt 00:00:36]} g6
{[%clk 01:16:52]} {[%emt 00:00:08]} 5. Nc3 {[%clk 01:15:23]} {[%emt 00:01:00]}
Bg7 {[%clk 01:17:14]} {[%emt 00:00:08]} 6. Be3 {[%clk 01:15:38]} {[%emt
00:00:15]} Nf6 {[%clk 01:17:37]} {[%emt 00:00:08]} 7. Bc4 {[%clk 01:15:15]}
{[%emt 00:00:52]} O-O {[%clk 01:17:55]} {[%emt 00:00:13]} 8. Nxc6 {[%clk
01:14:46]} {[%emt 00:00:58]} bxc6 {[%clk 01:12:27]} {[%emt 00:05:58]} 9. Qd2
{[%clk 01:12:30]} {[%emt 00:02:46]} Ng4 {[%clk 01:11:51]} {[%emt 00:01:05]} 10.
O-O {[%clk 01:11:27]} {[%emt 00:01:35]} Nxe3 {[%clk 01:10:10]} {[%emt
00:02:11]} 11. Qxe3 {[%clk 01:09:45]} {[%emt 00:02:11]} Qb6 {[%clk 01:10:00]}
{[%emt 00:00:39]} 12. Qxb6 {[%clk 01:07:35]} axb6 {[%clk 01:10:25]} {[%emt
00:02:47]} 13. Rfd1 {[%clk 01:05:52]} {[%emt 00:02:13]} b5 {[%clk 01:08:48]}
{[%emt 00:02:08]} 14. Bf1 {[%clk 01:00:55]} {[%emt 00:05:24]} b4 {[%clk
01:08:37]} {[%emt 00:00:42]} 15. Ne2 {[%clk 01:00:11]} {[%emt 00:01:13]} Bxb2
{[%clk 01:07:57]} {[%emt 00:01:12]} 16. Rab1 {[%clk 00:59:54]} {[%emt
00:00:47]} Rxa2 {[%clk 01:06:40]} {[%emt 00:01:47]} 17. Nd4 {[%clk 00:58:07]}
{[%emt 00:02:17]} Bc3 {[%clk 01:04:46]} {[%emt 00:02:25]} 18. Bc4 {[%clk
00:56:25]} {[%emt 00:02:11]} Ra3 {[%clk 01:00:28]} {[%emt 00:04:47]} 19. Ne2
{[%clk 00:54:46]} {[%emt 00:02:08]} e6 {[%clk 00:59:35]} {[%emt 00:01:25]} 20.
Nxc3 {[%clk 00:53:51]} {[%emt 00:01:25]} Rxc3 {[%clk 00:59:38]} {[%emt
00:00:28]} 21. Rxb4 {[%clk 00:48:56]} {[%emt 00:05:23]} Rxc2 {[%clk 00:58:14]}
{[%emt 00:01:55]} 22. Bd3 {[%clk 00:47:11]} {[%emt 00:02:15]} Rc3 {[%clk
00:57:19]} {[%emt 00:01:25]} 23. Bf1 {[%clk 00:46:15]} {[%emt 00:01:25]} d5
{[%clk 00:57:28]} {[%emt 00:00:23]} 24. exd5 {[%clk 00:46:02]} {[%emt
00:00:42]} cxd5 {[%clk 00:57:27]} {[%emt 00:00:31]} 25. Rdb1 {[%clk 00:44:18]}
{[%emt 00:02:12]} Kg7 {[%clk 00:56:12]} {[%emt 00:01:47]} 26. Rb8 {[%clk
00:43:28]} {[%emt 00:01:19]} Bd7 {[%clk 00:55:26]} {[%emt 00:01:18]} 27. Rxf8
{[%clk 00:43:19]} Kxf8 {[%clk 00:55:24]} {[%emt 00:01:12]} 28. h3 {[%clk
00:42:06]} {[%emt 00:01:42]} Ke7 {[%clk 00:54:48]} {[%emt 00:01:06]} 29. Rb7
{[%clk 00:39:42]} {[%emt 00:02:54]} Kd6 {[%clk 00:55:01]} {[%emt 00:00:17]} 30.
Bb5 {[%clk 00:39:33]} {[%emt 00:00:39]} Rc7 {[%clk 00:54:25]} {[%emt 00:01:06]}
31. Rxc7 {[%clk 00:39:29]} {[%emt 00:00:33]} Kxc7 {[%clk 00:54:43]} {[%emt
00:00:12]} 32. Bd3 {[%clk 00:39:18]} {[%emt 00:00:41]} Kd6 {[%clk 00:54:57]}
{[%emt 00:00:17]} 33. Kf1 {[%clk 00:38:53]} {[%emt 00:00:55]} Kc5 {[%clk
00:55:07]} {[%emt 00:00:21]} 34. Ke2 {[%clk 00:38:35]} {[%emt 00:00:48]} Bb5
{[%clk 00:54:17]} {[%emt 00:01:20]} 35. Bxb5 {[%emt 00:00:22]} Kxb5 {[%emt
00:00:06]} 36. Kd3 {[%clk 00:38:09]} {[%emt 00:00:27]} Kc5 {[%clk 00:54:32]}
{[%emt 00:00:16]} 37. f3 {[%clk 00:38:10]} {[%emt 00:00:28]} e5 {[%clk
00:54:41]} {[%emt 00:00:21]} 38. g3 {[%clk 00:38:14]} {[%emt 00:00:26]} f5
{[%clk 00:54:32]} {[%emt 00:00:39]} 39. g4 {[%clk 00:38:26]} {[%emt 00:00:18]}
e4+ {[%clk 00:54:49]} {[%emt 00:00:15]} 40. Ke3 {[%clk 00:38:35]} {[%emt
00:00:21]} exf3 {[%clk 00:55:01]} {[%emt 00:00:18]} 41. Kxf3 {[%clk 00:38:52]}
{[%emt 00:00:13]} fxg4+ {[%clk 00:55:24]} {[%emt 00:00:07]} 42. Kxg4 {[%clk
00:39:01]} {[%emt 00:00:20]} d4 {[%clk 00:55:11]} {[%emt 00:00:44]} 43. Kg5
{[%clk 00:39:19]} {[%emt 00:00:11]} d3 {[%clk 00:55:15]} {[%emt 00:00:27]} 44.
Kh6 {[%clk 00:39:43]} {[%emt 00:00:06]} d2 {[%clk 00:55:28]} {[%emt 00:00:17]}
0-1

[Event "DEM U10 2023"]
[Site "Willingen GER"]
[Date "2023.05.28"]
[Round "1"]
[White "Naumann, Lennart"]
[Black "Weibrecht, Theo"]
[Result "1-0"]
[Termination "normal"]
[Board "22"]
[WhiteElo "1537"]
[BlackElo "1170"]
[WhiteClock "00:57:02"]
[BlackClock "00:57:00"]
[PlyCount "103"]
[WhiteFideId "34644830"]
[BlackFideId "34660240"]
[EventCountry "GER"]
[EventRounds "11"]
[EventType "swiss"]
[EventDate "2023.05.27"]

1. d4 {[%clk 01:15:47]} {[%emt 00:00:12]} d5 {[%clk 01:15:52]} {[%emt
00:00:09]} 2. c4 {[%clk 01:16:11]} {[%emt 00:00:06]} e6 {[%clk 01:16:13]}
{[%emt 00:00:09]} 3. Nf3 {[%clk 01:16:22]} {[%emt 00:00:19]} Nf6 {[%clk
01:16:07]} {[%emt 00:00:13]} 4. Nc3 {[%clk 01:16:29]} {[%emt 00:00:46]} Bb4
{[%clk 01:16:20]} {[%emt 00:00:13]} 5. Bd2 {[%clk 01:16:03]} {[%emt 00:01:00]}
O-O {[%clk 01:16:33]} {[%emt 00:00:17]} 6. e3 {[%clk 01:16:10]} {[%emt
00:00:24]} Nc6 {[%clk 01:16:42]} {[%emt 00:00:14]} 7. Qc2 {[%clk 01:15:01]}
{[%emt 00:01:46]} Bd7 {[%clk 01:16:41]} {[%emt 00:00:30]} 8. a3 {[%clk
01:13:49]} {[%emt 00:01:43]} Bd6 {[%clk 01:16:52]} {[%emt 00:00:13]} 9. Bd3
{[%clk 01:11:15]} {[%emt 00:03:10]} Qe7 {[%clk 01:15:57]} {[%emt 00:01:23]} 10.
h4 {[%clk 01:10:35]} {[%emt 00:01:11]} g6 {[%emt 00:00:37]} 11. Rg1 {[%emt
00:01:47]} a5 {[%clk 01:12:51]} {[%emt 00:01:08]} 12. g4 {[%clk 01:10:38]}
{[%emt 00:00:32]} b6 {[%clk 01:09:45]} {[%emt 00:03:35]} 13. h5 {[%clk
01:10:36]} {[%emt 00:00:34]} Kg7 {[%clk 01:08:36]} {[%emt 00:01:15]} 14. hxg6
{[%clk 01:09:43]} {[%emt 00:01:46]} fxg6 {[%clk 01:07:04]} {[%emt 00:00:14]}
15. Nh4 {[%clk 01:08:49]} {[%emt 00:03:13]} Qf7 {[%clk 01:06:45]} {[%emt
00:00:40]} 16. Nd1 {[%clk 01:03:25]} {[%emt 00:06:03]} Rh8 {[%clk 01:05:44]}
{[%emt 00:01:29]} 17. c5 {[%clk 01:01:55]} {[%emt 00:02:02]} bxc5 {[%clk
01:05:30]} {[%emt 00:00:39]} 18. dxc5 {[%clk 01:02:14]} {[%emt 00:00:17]} Be5
{[%clk 01:04:32]} {[%emt 00:00:34]} 19. f4 {[%clk 00:59:41]} {[%emt 00:03:56]}
Bxf4 {[%clk 01:04:28]} {[%emt 00:00:24]} 20. exf4 {[%clk 00:59:55]} {[%emt
00:00:27]} Nd4 {[%clk 01:03:53]} {[%emt 00:00:11]} 21. Qc3 {[%clk 00:59:41]}
{[%emt 00:01:37]} Nb5 {[%clk 01:03:17]} {[%emt 00:00:58]} 22. Bxb5 {[%clk
00:59:47]} {[%emt 00:00:31]} Bxb5 {[%clk 01:03:33]} {[%emt 00:00:14]} 23. g5
{[%clk 00:59:22]} {[%emt 00:00:56]} Rhf8 {[%clk 01:02:55]} {[%emt 00:01:03]}
24. Qxf6+ {[%clk 00:59:29]} {[%emt 00:00:27]} Qxf6 {[%emt 00:00:19]} 25. gxf6+
{[%emt 00:00:09]} Rxf6 {[%clk 01:02:17]} {[%emt 00:00:06]} 26. Nf2 {[%clk
00:58:38]} {[%emt 00:01:55]} Kg8 {[%emt 00:00:28]} 27. Ng4 {[%emt 00:00:56]}
Rff8 {[%clk 01:00:35]} {[%emt 00:00:31]} 28. Bc3 {[%clk 00:58:44]} {[%emt
00:00:42]} Rfd8 {[%clk 01:00:05]} {[%emt 00:00:45]} 29. Bf6 {[%clk 00:58:21]}
{[%emt 00:01:07]} Rdb8 {[%clk 00:59:46]} {[%emt 00:00:47]} 30. Be5 {[%clk
00:58:00]} {[%emt 00:00:54]} Rb7 {[%clk 00:59:37]} {[%emt 00:00:34]} 31. Nh6+
{[%clk 00:58:02]} {[%emt 00:00:32]} Kf8 {[%clk 00:59:11]} {[%emt 00:00:11]} 32.
Kd2 {[%clk 00:57:10]} {[%emt 00:02:07]} Rd8 {[%clk 00:58:45]} {[%emt 00:00:50]}
33. Nf3 {[%clk 00:57:03]} {[%emt 00:00:43]} c6 {[%clk 00:57:56]} {[%emt
00:01:17]} 34. Nd4 {[%clk 00:57:13]} {[%emt 00:00:22]} Ba4 {[%clk 00:57:41]}
{[%emt 00:00:43]} 35. Nxe6+ {[%clk 00:57:28]} {[%emt 00:00:19]} Ke7 {[%clk
00:57:50]} {[%emt 00:00:21]} 36. Nxd8 {[%clk 00:56:00]} {[%emt 00:01:58]} Kxd8
{[%emt 00:00:08]} 37. f5 {[%emt 00:00:43]} gxf5 {[%emt 00:00:08]} 38. Rg8+
{[%emt 00:00:16]} Kd7 {[%clk 00:56:28]} {[%emt 00:00:32]} 39. Rg7+ {[%clk
00:56:20]} {[%emt 00:00:15]} Kc8 {[%emt 00:00:16]} 40. Rxb7 {[%emt 00:00:08]}
Kxb7 {[%clk 00:56:30]} {[%emt 00:00:04]} 41. Nxf5 {[%clk 00:56:34]} {[%emt
00:00:15]} Kc8 {[%clk 00:56:39]} {[%emt 00:00:16]} 42. Rh1 {[%clk 00:56:13]}
{[%emt 00:00:56]} Kd7 {[%clk 00:56:42]} {[%emt 00:00:21]} 43. Nd4 {[%clk
00:56:28]} {[%emt 00:00:20]} Ke7 {[%clk 00:56:36]} {[%emt 00:00:35]} 44. Rxh7+
{[%clk 00:56:49]} {[%emt 00:00:10]} Ke8 {[%emt 00:00:10]} 45. Ke3 {[%emt
00:00:44]} Bb5 {[%clk 00:56:06]} {[%emt 00:00:07]} 46. Nxb5 {[%clk 00:57:00]}
{[%emt 00:00:18]} cxb5 {[%clk 00:56:22]} {[%emt 00:00:09]} 47. Bf6 {[%clk
00:56:48]} {[%emt 00:00:47]} d4+ {[%clk 00:56:38]} {[%emt 00:00:11]} 48. Kf4
{[%clk 00:56:52]} {[%emt 00:00:27]} d3 {[%clk 00:57:00]} {[%emt 00:00:10]} 49.
c6 {[%clk 00:57:02]} {[%emt 00:00:20]} d2 {[%emt 00:00:03]} 50. c7 {[%emt
00:00:12]} d1=Q {[%emt 00:00:08]} 51. c8=Q+ {[%emt 00:00:28]} Qd8 {[%emt
00:00:01]} 52. Qxd8# {[%clk 00:57:02]} {[%emt 00:00:19]} 1-0